| 000 | 00558nam a2200169 a 4500 | ||
|---|---|---|---|
| 001 | 000032566 | ||
| 005 | 20200930065717.0 | ||
| 008 | 110719s2008 dr a 000 0 spa d | ||
| 040 |
_aDO-SdBNP _bspa _cBNPHU |
||
| 082 |
_axxxx _bP762p |
||
| 100 | 1 |
_aPolanco, Tania _958500 |
|
| 245 | 1 | 0 |
_aPatógenos asociados a las musáceas en la República Dominicana. / _cTania Polanco. |
| 260 |
_aSanto Domingo, : _bIDIAF, _c2008. |
||
| 300 |
_a27 p. : _bil. ; _c22 cm. |
||
| 710 | 2 |
_aInstituto Dominicano de Investigaciones Agropecuarias y Forestales _9299 |
|
| 049 | _aBNPD | ||
| 999 |
_c32057 _d32057 |
||